KOHA-Header-6

The Life of Salah Ud Din Ayyubi (Record no. 13499)

000 -LEADER
fixed length control field 00291nam a22001217a 4500
082 ## - DEWEY DECIMAL CLASSIFICATION NUMBER
Classification number 904
100 ## - MAIN ENTRY--AUTHOR NAME
Personal name Beha Ud Din
245 ## - TITLE STATEMENT
Title The Life of Salah Ud Din Ayyubi
260 ## - PUBLICATION, DISTRIBUTION, ETC. (IMPRINT)
Place of publication Lahore
Name of publisher Ferozsons
Year of publication 1897
300 ## - PHYSICAL DESCRIPTION
Number of Pages xx, 420 Pages
650 ## - SUBJECT ADDED ENTRY--TOPICAL TERM
Topical Term Muslim-History-Salah ud Din Ayyubi
942 ## - ADDED ENTRY ELEMENTS (KOHA)
Koha item type Books
Holdings
Withdrawn status Lost status Collection code Permanent Location Current Location Shelving location Date acquired Full call number Accession Number Koha item type
    English Literature MAJU MAJU Shelf No.A13 2022-11-30 904 10603 English Literature

Powered by Koha